00486nam a2200193 a 4500001001300000003000900013005001700022008004100039020001100080082001500091100001700106245003400123260005000157300000900207500003500216505001000251650001100261650002000272nice12345678IN_TiNIC20260116013104.0050524s1994 cama grp 000 0 eng  ac260000a297.4bBAN aBanani, Amin aPoetry and Mysticism in Islam aCambridge bCambridge University Press c1994 a204p aincludes index and biblioraphy2 aIndex aSufism aRumi-Jalaluddin